[Event "BCF-chT2b 1920 (4NCL)"]
[Site "Daventry"]
[Date "2020.02.29"]
[Round "1.56"]
[White "White, Stuart A"]
[Black "Rogozinski, Andrew"]
[Result "1/2-1/2"]
[WhiteElo "2106"]
[BlackElo "1894"]
[PlyCount "93"]
[EventDate "2020.01.11"]
[EventType "team-tourn"]
[EventRounds "11"]
[EventCountry "ENG"]
[SourceTitle "CBM 195 Extra"]
[Source "ChessBase"]
[SourceDate "2020.05.31"]
[SourceVersion "1"]
[SourceVersionDate "2020.05.31"]
[SourceQuality "1"]
[WhiteTeam "Alba"]
[BlackTeam "Oxford"]
[WhiteTeamCountry "ENG"]
[BlackTeamCountry "ENG"]

1. d4 Nf6 2. c4 g6 3. Nc3 Bg7 4. e4 d6 5. Nf3 0-0 6. Be2 e5 7. Be3 Nc6 8. d5 Ne7 9. Nd2 Ne8 10. g4 h6 11. h4 c6 12. g5 h5 13. f3 Nc7 14. Bd3 Bd7 15. Rc1 b5 16. b3 Re8 17. 0-0 a5 18. dxc6 Nxc6 19. cxb5 Nd4 20. b6 Nce6 21. Nd5 Bc6 22. Bxd4 Bxd5 23. Be3 Bb7 24. Bb5 Re7 25. Nc4 Nd4 26. Bxd4 exd4 27. Qd3 d5 28. exd5 Bxd5 29. Rfe1 Rxe1+ 30. Rxe1 Bxc4 31. Bxc4 Qxb6 32. Re7 Rf8 33. Kg2 Qb4 34. Qe2 Qd6 35. Rxf7 Kh8 36. Rxf8+ Bxf8 37. Qe4 Kg7 38. Qb7+ Be7 39. Qa8 Bd8 40. Qd5 Qxd5 41. Bxd5 d3 42. Kf2 Bb6+ 43. Ke1 Be3 44. Be4 d2+ 45. Ke2 Bf4 46. Bc2 Kf7 47. Kd1 1/2-1/2